| 000 -LEADER |
| fixed length control field |
00836nam a22001337a 4500 |
| 008 - FIXED-LENGTH DATA ELEMENTS--GENERAL INFORMATION |
| fixed length control field |
231218b ||||| |||| 00| 0 eng d |
| 245 ## - TITLE STATEMENT |
| Title |
Redefining mobility: Transforming landscape of transport sector |
| 260 ## - PUBLICATION, DISTRIBUTION, ETC. (IMPRINT) |
| Place of publication, distribution, etc |
Yojana |
| 300 ## - PHYSICAL DESCRIPTION |
| Extent |
67(12), Dec, 2023: p.34-42 |
| 520 ## - SUMMARY, ETC. |
| Summary, etc |
PM GatiShakti national master plan for multi-model connectivity, 2021, is essentially a digital platform to bring 16 ministries, including railways and roadways together for integrated planning and coordinated implementation of infrastructure connectivity projects. Multi-model connectivity for the movement of people, goods and series from one mode of transport to another. It will facilitate the last-mile connectivity of infrastructure and also reduce travel time for people. – Reproduced |
| 773 ## - HOST ITEM ENTRY |
| Main entry heading |
Yojana |
| 906 ## - LOCAL DATA ELEMENT F, LDF (RLIN) |
| Subject DIP |
TRANSPORT |
| 942 ## - ADDED ENTRY ELEMENTS (KOHA) |
| Item type |
Articles |